<?xml version="1.0" encoding="UTF-8"?><?xml-stylesheet type="text/xsl" href="static/style.xsl"?><OAI-PMH xmlns="http://www.openarchives.org/OAI/2.0/" xmlns:xsi="http://www.w3.org/2001/XMLSchema-instance" xsi:schemaLocation="http://www.openarchives.org/OAI/2.0/ http://www.openarchives.org/OAI/2.0/OAI-PMH.xsd"><responseDate>2026-04-14T17:01:04Z</responseDate><request verb="GetRecord" identifier="oai:uvadoc.uva.es:10324/1817" metadataPrefix="marc">https://uvadoc.uva.es/oai/request</request><GetRecord><record><header><identifier>oai:uvadoc.uva.es:10324/1817</identifier><datestamp>2021-06-23T10:28:49Z</datestamp><setSpec>com_10324_1161</setSpec><setSpec>com_10324_931</setSpec><setSpec>com_10324_894</setSpec><setSpec>col_10324_1319</setSpec></header><metadata><record xmlns="http://www.loc.gov/MARC21/slim" xmlns:doc="http://www.lyncode.com/xoai" xmlns:xsi="http://www.w3.org/2001/XMLSchema-instance" xmlns:dcterms="http://purl.org/dc/terms/" xsi:schemaLocation="http://www.loc.gov/MARC21/slim http://www.loc.gov/standards/marcxml/schema/MARC21slim.xsd">
<leader>00925njm 22002777a 4500</leader>
<datafield tag="042" ind1=" " ind2=" ">
<subfield code="a">dc</subfield>
</datafield>
<datafield tag="720" ind1=" " ind2=" ">
<subfield code="a">Alario Trigueros, María Teresa</subfield>
<subfield code="e">author</subfield>
</datafield>
<datafield tag="720" ind1=" " ind2=" ">
<subfield code="a">Delgado Huertos, José Enrique</subfield>
<subfield code="e">author</subfield>
</datafield>
<datafield tag="260" ind1=" " ind2=" ">
<subfield code="c">1984</subfield>
</datafield>
<datafield tag="520" ind1=" " ind2=" ">
<subfield code="a">Estudio del Monte el Viejo de la ciudad de Palencia a través de los registros existentes en el Archivo Municipal para este espacio considerado de primera importancia en la vida de la ciudad a la que durante siglos suministró recursos económicos y materiales a través de los distintos aprovechamientos, y hoy constituye un espacio estrechamente vinculado al ocio y el esparcimiento de los habitantes de la ciudad. Se analiza también la formación vegetal resultante de la dilatada historia de este monte de utilidad pública.</subfield>
</datafield>
<datafield tag="024" ind2=" " ind1="8">
<subfield code="a">Ordóñez Ferrer, Casilda (Dir.). Apuntes Palentinos. Palencia, 1983</subfield>
</datafield>
<datafield tag="024" ind2=" " ind1="8">
<subfield code="a">84-7231-972-5 del Fascículo</subfield>
</datafield>
<datafield tag="024" ind2=" " ind1="8">
<subfield code="a">84-7231-971-7 de la Obra Completa</subfield>
</datafield>
<datafield tag="024" ind2=" " ind1="8">
<subfield code="a">http://uvadoc.uva.es/handle/10324/1817</subfield>
</datafield>
<datafield tag="024" ind2=" " ind1="8">
<subfield code="a">1</subfield>
</datafield>
<datafield tag="024" ind2=" " ind1="8">
<subfield code="a">32</subfield>
</datafield>
<datafield tag="024" ind2=" " ind1="8">
<subfield code="a">Apuntes Palentinos. Rutas y Paisajes. Tomo IV. Fascículo 5</subfield>
</datafield>
<datafield ind1=" " ind2=" " tag="653">
<subfield code="a">Biogeografía</subfield>
</datafield>
<datafield ind1=" " ind2=" " tag="653">
<subfield code="a">Bosques-Explotación</subfield>
</datafield>
<datafield ind1=" " ind2=" " tag="653">
<subfield code="a">Ecología</subfield>
</datafield>
<datafield ind1=" " ind2=" " tag="653">
<subfield code="a">Recursos naturales</subfield>
</datafield>
<datafield ind1=" " ind2=" " tag="653">
<subfield code="a">Flores</subfield>
</datafield>
<datafield tag="245" ind1="0" ind2="0">
<subfield code="a">Monte "El Viejo"</subfield>
</datafield>
</record></metadata></record></GetRecord></OAI-PMH>